Geografía
Salvato in:
| Natura: | Libro |
|---|---|
| Lingua: | spagnolo |
| Pubblicazione: |
Santiago
Gratitud Nacional
1923
|
| Serie: | Texto de Enseñanza Primaria y Secundaria. Colección H.E.C
|
| Soggetti: | |
| Tags: |
Aggiungi Tag
Nessun Tag, puoi essere il primo ad aggiungerne!!
|
MARC
| LEADER | 00000nam a2200000 a 4500 | ||
|---|---|---|---|
| 001 | UCZ8553 | ||
| 003 | CL-VaPUC | ||
| 008 | 960121e19230000CL |||||||||||||||||spa|d | ||
| 082 | 0 | 4 | |a 372.891 |b GEO |2 21 |
| 245 | 1 | 0 | |a Geografía |
| 300 | |a v | ||
| 942 | |c BK | ||
| 945 | |d 19960121 00:00:00 |a lriquelm | ||
| 260 | |a Santiago |b Gratitud Nacional |c 1923 | ||
| 650 | 0 | |a Geografía |9 259346 | |
| 650 | 0 | |a Enseñanza de la geografía |9 310005 | |
| 650 | 0 | |a Geografía física |9 259347 | |
| 650 | 0 | |a Geografía económica |9 267757 | |
| 650 | 0 | |a Geografía política |9 268296 | |
| 651 | 7 | |a CHILE |2 CL-VaPUC |9 353889 | |
| 651 | 0 | |a América |9 255182 | |
| 651 | 0 | |a Europa |9 255156 | |
| 651 | 0 | |a Asia |9 268338 | |
| 651 | 0 | |a África |9 256790 | |
| 651 | 7 | |a OCEANIA |2 CL-VaPUC |9 317234 | |
| 583 | |a last modification |c 19960121 00:00:00 |k Rodrigo Vera | ||
| 490 | 0 | |a Texto de Enseñanza Primaria y Secundaria. Colección H.E.C | |
| 999 | |c 244418 |d 244416 | ||
| 952 | |0 0 |1 0 |4 0 |6 372_891000000000000_GEO_1923 |7 0 |8 P |9 258478 |a BIBEDU |b BIBEDU |c BIBEDU_PB |d 2019-11-19 |h v.2 |i 1619810 |o 372.891 GEO 1923 |p 1619810 |r 2024-01-25 |w 2019-11-19 |y BK |k EDU | ||